AU LIBRARIES
Centralized Library System Across Seven Campuses

Calculus: (Record no. 47346)

MARC details
000 -LEADER
fixed length control field 00477nam a2200181 4500
005 - DATE AND TIME OF LATEST TRANSACTION
control field 20260420123415.0
008 - FIXED-LENGTH DATA ELEMENTS--GENERAL INFORMATION
fixed length control field 260420b |||||||| |||| 00| 0 eng d
020 ## - INTERNATIONAL STANDARD BOOK NUMBER
ISBN 978-1285774770
082 ## - DEWEY DECIMAL CLASSIFICATION NUMBER
Classification number 515
Author Mark LAR-C
100 ## - MAIN ENTRY--AUTHOR
Author Name Larson, Ron
245 ## - TITLE STATEMENT
Title Calculus:
Sub-Title Early Transcendental Functions
250 ## - EDITION STATEMENT
Edition statement 6th Edi.
Edition Volume V-(i),(ii)
260 ## - PUBLICATION, DISTRIBUTION, ETC.
Place of Publication Singapore:
Name of publisher, distributor, etc. Cengage Learning,
Date of publication, distribution, etc. 2015
300 ## - PHYSICAL DESCRIPTION
Pages xiv, 646p
650 ## - SUBJECT ADDED ENTRY--TOPICAL TERM
Subject / Department Mathematics
700 ## - ADDED ENTRY--PERSONAL NAME
Personal name Edwards, Bruce
942 ## - ADDED ENTRY ELEMENTS (KOHA)
Koha item type Book
Holdings
Withdrawn status Lost status Damaged status Not for loan Collection code Permanent Location Current Location Shelving Location Date acquired Source of acquisition Total Checkouts Full Call Number Accession No./Barcode Date last seen Koha item type
        Computer Science Air University Multan Campus Library Air University Multan Campus Library Computer Science 04/21/2026 Ali book service   515 LAR-C P005146 04/20/2026 Book
Air University Sector E-9, Islamabad Pakistan
Email: librarian@au.edu.pk  Tel : +0092 51 9262612 Ext: 631